New Testament text and translation commentary : (Record no. 3111)
[ view plain ]
| 000 -LEADER | |
|---|---|
| fixed length control field | 01599cam a2200325 a 4500 |
| 001 - CONTROL NUMBER | |
| control field | 15365723 |
| 003 - CONTROL NUMBER IDENTIFIER | |
| control field | GBCCL |
| 005 - DATE AND TIME OF LATEST TRANSACTION | |
| control field | 20241126110447.0 |
| 008 - FIXED-LENGTH DATA ELEMENTS--GENERAL INFORMATION | |
| fixed length control field | 080714s2008 ilu b 001 0 eng |
| 010 ## - | |
| -- | 2008031065 |
| 020 ## - INTERNATIONAL STANDARD BOOK NUMBER | |
| International Standard Book Number | 9781414310343 (hc : alk. paper) |
| 020 ## - INTERNATIONAL STANDARD BOOK NUMBER | |
| International Standard Book Number | 141431034X (hc : alk. paper) |
| 040 ## - CATALOGING SOURCE | |
| Original cataloging agency | DLC |
| Transcribing agency | DLC |
| Modifying agency | DLC |
| 041 1# - | |
| -- | eng |
| -- | grc |
| 050 00 - | |
| -- | BS1904.5 |
| -- | .C66 2008 |
| 082 00 - DEWEY DECIMAL CLASSIFICATION NUMBER | |
| Classification number | 225.486 |
| Edition information | 22 |
| Item number | COM |
| 100 1# - MAIN ENTRY--PERSONAL NAME | |
| Personal name | Comfort, Philip Wesley. |
| 9 (RLIN) | 1417 |
| 245 10 - TITLE STATEMENT | |
| Title | New Testament text and translation commentary : |
| Remainder of title | commentary on the variant readings of the ancient New Testament manuscripts and how they relate to the major English translations / |
| Statement of responsibility, etc. | Philip W. Comfort. |
| 260 ## - PUBLICATION, DISTRIBUTION, ETC. | |
| Place of publication, distribution, etc. | Carol Stream, IL : |
| Name of publisher, distributor, etc. | Tyndale House Publishers, Inc., |
| Date of publication, distribution, etc. | c2008. |
| 300 ## - PHYSICAL DESCRIPTION | |
| Extent | xli, 899 p. ; |
| Dimensions | 24 cm. |
| 504 ## - BIBLIOGRAPHY, ETC. NOTE | |
| Bibliography, etc. note | Includes bibliographical references (p. [885]-899). |
| 505 0# - FORMATTED CONTENTS NOTE | |
| Formatted contents note | The practice of New Testament textual criticism -- Significant editions of the Greek New Testament -- Significant English versions -- How to use the commentary -- Commentary -- Appendix A -- Appendix B -- Appendix C -- Appendix D. |
| 630 00 - SUBJECT ADDED ENTRY--UNIFORM TITLE | |
| Uniform title | Bible. |
| Name of part/section of a work | New Testament |
| General subdivision | Manuscripts, Greek. |
| 9 (RLIN) | 6439 |
| 630 00 - SUBJECT ADDED ENTRY--UNIFORM TITLE | |
| Uniform title | Bible. |
| Name of part/section of a work | New Testament |
| General subdivision | Criticism, Textual. |
| 9 (RLIN) | 2762 |
| 630 00 - SUBJECT ADDED ENTRY--UNIFORM TITLE | |
| Uniform title | Bible. |
| Name of part/section of a work | New Testament |
| General subdivision | Translating. |
| 9 (RLIN) | 6440 |
| 856 41 - ELECTRONIC LOCATION AND ACCESS | |
| Materials specified | Table of contents only |
| Uniform Resource Identifier | <a href="http://www.loc.gov/catdir/toc/ecip0824/2008031065.html">http://www.loc.gov/catdir/toc/ecip0824/2008031065.html</a> |
| 906 ## - LOCAL DATA ELEMENT F, LDF (RLIN) | |
| a | 7 |
| b | cbc |
| c | orignew |
| d | 1 |
| e | ecip |
| f | 20 |
| g | y-gencatlg |
| 942 ## - ADDED ENTRY ELEMENTS (KOHA) | |
| Source of classification or shelving scheme | Dewey Decimal Classification |
| Koha item type | Reference Books |
| Withdrawn status | Lost status | Source of classification or shelving scheme | Damaged status | Not for loan | Home library | Current Library | Shelving location | Date acquired | Total checkouts | Full call number | Barcode | Date last seen | Copy number | Price effective from | Koha item type |
|---|---|---|---|---|---|---|---|---|---|---|---|---|---|---|---|
| Dewey Decimal Classification | GRACE BIBLE COLLEGE | GRACE BIBLE COLLEGE | Commentary | 2017-10-24 | 225.486 COM | 014503 | 2025-05-01 | c.1 | 2017-10-24 | Reference Books |